<?xml version="1.0" encoding="UTF-8"?>
<record
    xmlns:xsi="http://www.w3.org/2001/XMLSchema-instance"
    xsi:schemaLocation="http://www.loc.gov/MARC21/slim http://www.loc.gov/standards/marcxml/schema/MARC21slim.xsd"
    xmlns="http://www.loc.gov/MARC21/slim">

  <leader>01761nam a22002057a 4500</leader>
  <controlfield tag="005">20230210115111.0</controlfield>
  <controlfield tag="008">230208b           ||||| |||| 00| 0 eng d</controlfield>
  <datafield tag="020" ind1=" " ind2=" ">
    <subfield code="a">9789354891939</subfield>
  </datafield>
  <datafield tag="040" ind1=" " ind2=" ">
    <subfield code="c">AL</subfield>
  </datafield>
  <datafield tag="041" ind1=" " ind2=" ">
    <subfield code="a">eng</subfield>
  </datafield>
  <datafield tag="082" ind1=" " ind2=" ">
    <subfield code="2">23</subfield>
    <subfield code="a">305.4</subfield>
    <subfield code="b">BHAD</subfield>
  </datafield>
  <datafield tag="100" ind1=" " ind2=" ">
    <subfield code="a">Shrayana Bhattacharya</subfield>
    <subfield code="9">71174</subfield>
  </datafield>
  <datafield tag="245" ind1=" " ind2=" ">
    <subfield code="a">Desperately seeking shah rukh</subfield>
    <subfield code="b">: Indians lonely young women and the search for intimacy and Independence</subfield>
  </datafield>
  <datafield tag="260" ind1=" " ind2=" ">
    <subfield code="a">Haryana</subfield>
    <subfield code="b">HarperCollins Publisher</subfield>
    <subfield code="c">2021</subfield>
  </datafield>
  <datafield tag="300" ind1=" " ind2=" ">
    <subfield code="a">xxii,443p.</subfield>
    <subfield code="b">HB</subfield>
    <subfield code="c">22x14cm.</subfield>
  </datafield>
  <datafield tag="365" ind1=" " ind2=" ">
    <subfield code="2">General</subfield>
    <subfield code="a">ABDI/0651/23</subfield>
    <subfield code="b">&#x20B9;524.00</subfield>
    <subfield code="d">&#x20B9;699.00</subfield>
    <subfield code="e">25%</subfield>
    <subfield code="f">16-01-2023</subfield>
  </datafield>
  <datafield tag="520" ind1=" " ind2=" ">
    <subfield code="a">With a new preface for the paperback edition In this pathbreaking work, Shrayana Bhattacharya maps the economic and personal trajectories--the jobs, desires, prayers, love affairs and rivalries--of a diverse group of women. Divided by class but united in fandom, they remain steadfast in their search for intimacy, independence and fun. Embracing Hindi film idol Shah Rukh Khan allows them a small respite from an oppressive culture, a fillip to their fantasies of a friendlier masculinity in Indian men. Most struggle to find the freedom-or income-to follow their favourite actor Bobbing along in this stream of multiple lives for more than a decade-from Manju's boredom in 'rurban' Rampur and Gold's anger at having to compete with Western women for male attention in Delhi's nightclubs, to Zahira's break from domestic abuse in Ahmedabad-Bhattacharya gleans the details on what Indian women think about men, money, movies, beauty, helplessness, agency and love. A most unusual and compelling book on the female gaze, this is the story of how women have experienced post-liberalization India.</subfield>
  </datafield>
  <datafield tag="650" ind1=" " ind2=" ">
    <subfield code="2">Women</subfield>
    <subfield code="a">Groups of People</subfield>
    <subfield code="9">71175</subfield>
  </datafield>
  <datafield tag="942" ind1=" " ind2=" ">
    <subfield code="2">ddc</subfield>
    <subfield code="c">BK</subfield>
  </datafield>
  <datafield tag="999" ind1=" " ind2=" ">
    <subfield code="c">226603</subfield>
    <subfield code="d">226603</subfield>
  </datafield>
  <datafield tag="952" ind1=" " ind2=" ">
    <subfield code="0">0</subfield>
    <subfield code="1">0</subfield>
    <subfield code="2">ddc</subfield>
    <subfield code="4">0</subfield>
    <subfield code="7">0</subfield>
    <subfield code="8">MAENG</subfield>
    <subfield code="a">SACPG</subfield>
    <subfield code="b">SACPG</subfield>
    <subfield code="d">2023-01-25</subfield>
    <subfield code="e">Academic Book Distributors</subfield>
    <subfield code="g">524.00</subfield>
    <subfield code="l">1</subfield>
    <subfield code="o">305.4 BHAD</subfield>
    <subfield code="p">PG024203</subfield>
    <subfield code="r">2023-03-29 00:00:00</subfield>
    <subfield code="s">2023-02-14</subfield>
    <subfield code="v">699.00</subfield>
    <subfield code="w">2023-02-08</subfield>
    <subfield code="y">BK</subfield>
  </datafield>
</record>
